[Event "Aeroflot Open 2011 B"]
[Site "Moscu RUS"]
[Date "2011.02.09"]
[Round "2.39"]
[White "Charochkina, Daria"]
[Black "Delorme, Axel"]
[Result "1/2-1/2"]
[WhiteElo "2314"]
[BlackElo "2492"]
[PlyCount "62"]
[EventDate "2011.02.08"]
[EventType "swiss"]
[EventRounds "9"]
[EventCountry "RUS"]
[Source "lmi"]
[SourceDate "2011.02.08"]

1. d4 Nf6 2. c4 e6 3. Nc3 Bb4 4. Qc2 O-O 5. a3 Bxc3+ 6. Qxc3 Qe8 7. g3 d6 8.
Bg2 e5 9. dxe5 dxe5 10. Nf3 Nc6 11. Be3 Ne4 12. Qc2 Nd6 13. Rd1 Bf5 14. Qc1 Be4
15. b4 Kh8 16. O-O f6 17. Bc5 Rd8 18. Qe3 f5 19. Qc3 b6 20. Be3 f4 21. Bc1 Bxf3
22. Bxf3 fxg3 23. fxg3 Nd4 24. Kg2 Qg6 25. c5 N6f5 26. Kh1 e4 27. Bxe4 Nxg3+
28. Qxg3 Qxe4+ 29. Qg2 Rxf1+ 30. Rxf1 Qxg2+ 31. Kxg2 bxc5 1/2-1/2

[Event "Aeroflot Open 2011 B"]
[Site "Moscu RUS"]
[Date "2011.02.09"]
[Round "2.40"]
[White "Korobkov, Piotr"]
[Black "Hayrapetian, Ovik"]
[Result "1/2-1/2"]
[WhiteElo "2492"]
[BlackElo "2344"]
[PlyCount "137"]
[EventDate "2011.02.08"]
[EventType "swiss"]
[EventRounds "9"]
[EventCountry "RUS"]
[Source "lmi"]
[SourceDate "2011.02.08"]

1. d4 d5 2. Nc3 Nf6 3. Bg5 Nbd7 4. f3 h6 5. Bh4 c5 6. e4 cxd4 7. Bxf6 dxc3 8.
Bxc3 dxe4 9. fxe4 e6 10. Nf3 a6 11. Qd2 Nf6 12. Qxd8+ Kxd8 13. Ba5+ Ke8 14.
O-O-O Be7 15. e5 Nd5 16. c4 Ne3 17. Rd4 Bd7 18. Bb6 Bc6 19. Rg1 g5 20. Be2 g4
21. Nd2 Rg8 22. Rf4 Nxg2 23. Rf2 Nh4 24. Rxg4 Rxg4 25. Bxg4 Ng6 26. Bc7 Rc8 27.
Bd6 Bxd6 28. exd6 Ne5 29. Be2 b6 30. Rf6 Kd7 31. Rxh6 Kxd6 32. c5+ Kxc5 33.
Bxa6 Ra8 34. Rh5 f5 35. Be2 Rxa2 36. Nb3+ Kd6 37. Rh6 Ra4 38. h4 Bd5 39. Nd2
Ra1+ 40. Kc2 Rh1 41. h5 Nc6 42. Bc4 Rh3 43. b3 Nd4+ 44. Kb2 b5 45. Bxd5 Kxd5
46. Rh8 Rd3 47. Nf1 Rxb3+ 48. Kc1 Rf3 49. Nd2 Nb3+ 50. Nxb3 Rxb3 51. Kd2 Rh3
52. Ke2 b4 53. Kf2 b3 54. Kg2 Rxh5 55. Rxh5 b2 56. Rh1 Kc4 57. Kf3 Kc3 58. Re1
e5 59. Re3+ Kc4 60. Re1 Kd4 61. Rd1+ Kc3 62. Re1 e4+ 63. Kf4 Kd2 64. Rh1 e3 65.
Rb1 Kc2 66. Rxb2+ Kxb2 67. Kxe3 Kc3 68. Kf4 Kd3 69. Kxf5 1/2-1/2

[Event "Aeroflot Open 2011 B"]
[Site "Moscu RUS"]
[Date "2011.02.09"]
[Round "2.41"]
[White "Krapivin, Alexander"]
[Black "Tologontegin, Semetey"]
[Result "1-0"]
[WhiteElo "2476"]
[BlackElo "2331"]
[PlyCount "91"]
[EventDate "2011.02.08"]
[EventType "swiss"]
[EventRounds "9"]
[EventCountry "RUS"]
[Source "lmi"]
[SourceDate "2011.02.08"]

1. e4 e6 2. d4 d5 3. e5 c5 4. c3 Qb6 5. Nf3 Nc6 6. a3 c4 7. g3 Bd7 8. Bg2 Na5
9. Nbd2 Ne7 10. O-O Nc8 11. Re1 Qc7 12. Rb1 Nb6 13. Nf1 h6 14. h4 O-O-O 15. Bf4
Be7 16. Ne3 Ba4 17. Qd2 Nb3 18. Qe2 Kb8 19. Ng4 Ka8 20. Nfh2 Rdg8 21. Bf3 Qd8
22. Kg2 Bd7 23. Rh1 Na4 24. Qc2 h5 25. Ne3 f5 26. exf6 gxf6 27. Rbe1 Be8 28.
Qe2 Rh7 29. Nxc4 Bb5 30. Qc2 Nxd4 31. cxd4 Rhg7 32. Ne3 Bd6 33. Bxd6 Qxd6 34.
Rhg1 f5 35. Kh1 Nb6 36. Ng2 Rc7 37. Qd2 Nc4 38. Qf4 Qd7 39. Rxe6 Nxb2 40. Qe3
Nd3 41. Nf4 Nxf4 42. gxf4 Rxg1+ 43. Kxg1 Rc8 44. Bg2 Rg8 45. Nf3 Qg7 46. Ng5
1-0

[Event "Aeroflot Open 2011 B"]
[Site "Moscu RUS"]
[Date "2011.02.09"]
[Round "2.42"]
[White "Wan, Yunguo"]
[Black "Ivakhinova, Inna"]
[Result "1/2-1/2"]
[WhiteElo "2469"]
[BlackElo "2324"]
[PlyCount "84"]
[EventDate "2011.02.08"]
[EventType "swiss"]
[EventRounds "9"]
[EventCountry "RUS"]
[Source "lmi"]
[SourceDate "2011.02.08"]

1. e4 e5 2. Nf3 Nc6 3. Bb5 a6 4. Ba4 Nf6 5. O-O Be7 6. Bxc6 dxc6 7. Qe2 Bg4 8.
d3 Nd7 9. b3 O-O 10. Bb2 f6 11. h3 Bh5 12. Nbd2 Nc5 13. Qe3 Ne6 14. d4 exd4 15.
Nxd4 Bc5 16. c3 Qd7 17. b4 Ba7 18. N2b3 Rae8 19. f3 f5 20. Kh1 fxe4 21. fxe4
Rxf1+ 22. Rxf1 Nxd4 23. cxd4 Qe7 24. Nc5 Bxc5 25. dxc5 Qxe4 26. Qg3 Re7 27. Kh2
Qg6 28. Qf4 Qe8 29. Qg3 Bg6 30. Qc3 Qd7 31. Rf4 Re4 32. Rf2 Re7 33. Rf4 h6 34.
Rg4 Kh7 35. Rg3 Qf5 36. Rf3 Qe4 37. a3 Bf5 38. Qd2 Rd7 39. Qf2 Be6 40. Re3 Qf5
41. Rf3 Qe4 42. Re3 Qf5 1/2-1/2

[Event "Aeroflot Open 2011 B"]
[Site "Moscu RUS"]
[Date "2011.02.09"]
[Round "2.43"]
[White "Badmatsyrenov, Oleg"]
[Black "Kurukin, Dmitry"]
[Result "1/2-1/2"]
[WhiteElo "2449"]
[BlackElo "2313"]
[PlyCount "116"]
[EventDate "2011.02.08"]
[EventType "swiss"]
[EventRounds "9"]
[EventCountry "RUS"]
[Source "lmi"]
[SourceDate "2011.02.08"]

1. e4 c5 2. Nf3 d6 3. d4 cxd4 4. Nxd4 Nf6 5. Nc3 a6 6. Bg5 Nbd7 7. Bc4 Qb6 8.
Qd2 Qxb2 9. Rb1 Qa3 10. O-O e6 11. Rfe1 h6 12. Bh4 Be7 13. Bxe6 fxe6 14. Nxe6
Kf7 15. Qd4 Nc5 16. Nxg7 Kxg7 17. e5 dxe5 18. Qxe5 Bd8 19. Re3 Ncd7 20. Qf4 Qc5
21. Rbe1 Rf8 22. Rg3+ Kh7 23. Ne4 Qa5 24. Ree3 Nh5 25. Bxd8 Rxf4 26. Bxa5 Nxg3
27. hxg3 Rf5 28. Bc3 Rd5 29. Rf3 Kg6 30. Rf4 Ne5 31. Rf6+ Kh7 32. Kf1 b5 33. f4
Ng4 34. Rf7+ Kg8 35. Rg7+ Kf8 36. Rh7 Kg8 37. Rh8+ Kf7 38. Ke2 Kg6 39. Rg8+ Kf5
40. Kf3 Nh2+ 41. Ke3 Bb7 42. Rg7 Ng4+ 43. Kf3 Rd7 44. Rxd7 Bxe4+ 45. Ke2 Rc8
46. Kd2 b4 47. Bxb4 Rxc2+ 48. Ke1 Rxa2 49. Rf7+ Kg6 50. Ra7 Bxg2 51. Bd2 Bf3
52. f5+ Kf6 53. Bc3+ Kxf5 54. Re7 Bd5 55. Re8 h5 56. Rh8 Rh2 57. Re8 Be4 58.
Bd4 Rg2 1/2-1/2

[Event "Aeroflot Open 2011 B"]
[Site "Moscu RUS"]
[Date "2011.02.09"]
[Round "2.44"]
[White "Kochetkova, Julia"]
[Black "Hamitevici, Vladimir"]
[Result "1-0"]
[WhiteElo "2311"]
[BlackElo "2412"]
[PlyCount "125"]
[EventDate "2011.02.08"]
[EventType "swiss"]
[EventRounds "9"]
[EventCountry "RUS"]
[Source "lmi"]
[SourceDate "2011.02.08"]

1. e4 c5 2. Nf3 d6 3. d4 cxd4 4. Nxd4 Nf6 5. Nc3 a6 6. Be2 e5 7. Nb3 Be7 8. O-O
O-O 9. Re1 Be6 10. Bf3 Nbd7 11. a4 Qc7 12. a5 Rfc8 13. Be3 h6 14. Re2 b5 15.
axb6 Nxb6 16. Na5 Nc4 17. Nxc4 Bxc4 18. Rd2 Rab8 19. Na4 Qc6 20. b3 Be6 21. c4
Nxe4 22. Nb6 Re8 23. Nd5 Bf5 24. Bxe4 Bxe4 25. Nxe7+ Rxe7 26. Rxd6 Qb7 27. Rb6
Qc8 28. Rxb8 Qxb8 29. Rxa6 Qc8 30. Rd6 Qf5 31. b4 Re6 32. Rxe6 Qxe6 33. f3 Bb7
34. Qd8+ Kh7 35. Qc7 Ba8 36. b5 Qg6 37. Qxe5 Qb1+ 38. Kf2 Qc2+ 39. Kg3 Qxc4 40.
Bd4 f6 41. Qf5+ Kg8 42. Bxf6 gxf6 43. Qg6+ Kf8 44. Qxf6+ Qf7 45. Qxh6+ Ke7 46.
Qe3+ Kd8 47. Qg5+ Kc8 48. h4 Bd5 49. h5 Be6 50. Qe5 Kb7 51. Kf2 Qd7 52. Kg1 Bd5
53. h6 Bxf3 54. gxf3 Qd1+ 55. Kg2 Qd2+ 56. Kg3 Qxh6 57. Qd5+ Kb8 58. f4 Qg7+
59. Qg5 Qc3+ 60. Kg4 Qc8+ 61. f5 Kb7 62. Qe7+ Kb8 63. Qd6+ 1-0

[Event "Aeroflot Open 2011 B"]
[Site "Moscu RUS"]
[Date "2011.02.09"]
[Round "2.45"]
[White "Abbasifar, Hasan"]
[Black "Dolzhykova, Kateryna"]
[Result "1-0"]
[WhiteElo "2411"]
[BlackElo "2303"]
[PlyCount "67"]
[EventDate "2011.02.08"]
[EventType "swiss"]
[EventRounds "9"]
[EventCountry "RUS"]
[Source "lmi"]
[SourceDate "2011.02.08"]

1. e4 c5 2. Nf3 d6 3. d4 cxd4 4. Nxd4 Nf6 5. Nc3 g6 6. h3 Bg7 7. g4 Nc6 8. Nde2
Rb8 9. Bg2 b5 10. a3 a5 11. O-O O-O 12. Be3 b4 13. axb4 axb4 14. Nd5 Nd7 15.
Nd4 Bb7 16. c3 bxc3 17. bxc3 Nxd4 18. Bxd4 Bxd5 19. exd5 Qc7 20. Re1 Nc5 21.
Ra2 Rb7 22. Rae2 Re8 23. Bxg7 Kxg7 24. h4 Qa5 25. Re3 Qa4 26. Qf3 Nd7 27. Re4
Qa3 28. h5 Ne5 29. Qg3 Rc8 30. R4e3 Rc4 31. f4 Nd7 32. Rxe7 Rxc3 33. h6+ Kg8
34. Rxd7 1-0

[Event "Aeroflot Open 2011 B"]
[Site "Moscu RUS"]
[Date "2011.02.09"]
[Round "2.46"]
[White "Shevelev, Arkady"]
[Black "Alavkin, Arseny"]
[Result "1/2-1/2"]
[WhiteElo "2303"]
[BlackElo "2393"]
[PlyCount "44"]
[EventDate "2011.02.08"]
[EventType "swiss"]
[EventRounds "9"]
[EventCountry "RUS"]
[Source "lmi"]
[SourceDate "2011.02.08"]

1. e4 e6 2. d4 d5 3. Nd2 Nf6 4. e5 Nfd7 5. Bd3 c5 6. c3 Nc6 7. Ne2 cxd4 8. cxd4
f6 9. exf6 Nxf6 10. O-O Bd6 11. f4 O-O 12. Nf3 Qb6 13. Kh1 Bd7 14. a3 Ne7 15.
Nc3 Nf5 16. Ne5 Be8 17. g4 Ne7 18. Qe2 Rc8 19. Be3 Qb3 20. Bc2 Qb6 21. Bd3 Qb3
22. Bc2 Qb6 1/2-1/2

[Event "Aeroflot Open 2011 B"]
[Site "Moscu RUS"]
[Date "2011.02.09"]
[Round "2.47"]
[White "Bajarani, Ulvi"]
[Black "Baghdasaryan, Vahe"]
[Result "1/2-1/2"]
[WhiteElo "2393"]
[BlackElo "2303"]
[PlyCount "101"]
[EventDate "2011.02.08"]
[EventType "swiss"]
[EventRounds "9"]
[EventCountry "RUS"]
[Source "lmi"]
[SourceDate "2011.02.08"]

1. e4 c5 2. Nf3 e6 3. d4 cxd4 4. Nxd4 Nc6 5. Nc3 Qc7 6. Be2 a6 7. O-O Nf6 8.
Be3 Bb4 9. Na4 Be7 10. Nxc6 bxc6 11. Bb6 Qb8 12. Bd3 O-O 13. c4 c5 14. Bxc5
Bxc5 15. Nxc5 Qxb2 16. Nb3 d6 17. f4 e5 18. Qf3 exf4 19. Qxf4 Be6 20. Rf2 Qc3
21. Rd1 Rac8 22. Rc2 Qb4 23. Rdc1 Ng4 24. Be2 Ne5 25. Qd2 Qxd2 26. Nxd2 Rc6 27.
Nf3 Nxf3+ 28. gxf3 Rb8 29. Bd3 Kf8 30. Kf2 Ke7 31. Ke3 Rc5 32. Rc3 Rb2 33. R1c2
Rxc2 34. Rxc2 Ra5 35. Rb2 Ra3 36. Kd4 g5 37. Be2 Ra5 38. Bd1 Rc5 39. Rb7+ Kf6
40. Bb3 a5 41. a4 g4 42. fxg4 Bxg4 43. Rb5 Rh5 44. Rxh5 Bxh5 45. Bc2 Ke6 46. c5
dxc5+ 47. Kxc5 Ke5 48. Kb6 Kd4 49. Kxa5 Kc3 50. Bb1 Bd1 51. Ba2 1/2-1/2

[Event "Aeroflot Open 2011 B"]
[Site "Moscu RUS"]
[Date "2011.02.09"]
[Round "2.48"]
[White "Tarasova, Viktoriya"]
[Black "Kovanova, Baira"]
[Result "1/2-1/2"]
[WhiteElo "2289"]
[BlackElo "2391"]
[PlyCount "43"]
[EventDate "2011.02.08"]
[EventType "swiss"]
[EventRounds "9"]
[EventCountry "RUS"]
[Source "lmi"]
[SourceDate "2011.02.08"]

1. e4 e5 2. Nf3 Nc6 3. Nc3 Nf6 4. d4 exd4 5. Nxd4 Bb4 6. Nxc6 bxc6 7. Bd3 d5 8.
exd5 cxd5 9. O-O O-O 10. Bg5 c6 11. Qf3 h6 12. Bxf6 Qxf6 13. Qxf6 gxf6 14. Ne2
Bd6 15. Nd4 c5 16. Nf5 Bxf5 17. Bxf5 Rfe8 18. Rad1 d4 19. Bd3 Rab8 20. b3 Re7
21. Rfe1 Rbe8 22. Rxe7 1/2-1/2

[Event "Aeroflot Open 2011 B"]
[Site "Moscu RUS"]
[Date "2011.02.09"]
[Round "2.49"]
[White "Artemiev, Vladislav"]
[Black "Mammadova, Gulnar Marfat"]
[Result "0-1"]
[WhiteElo "2384"]
[BlackElo "2284"]
[PlyCount "92"]
[EventDate "2011.02.08"]
[EventType "swiss"]
[EventRounds "9"]
[EventCountry "RUS"]
[Source "lmi"]
[SourceDate "2011.02.08"]

1. e4 e6 2. d4 d5 3. Nc3 Bb4 4. e5 c5 5. a3 Ba5 6. b4 cxd4 7. Nb5 Bc7 8. f4 Ne7
9. Bd3 Bd7 10. Nxc7+ Qxc7 11. Nf3 Ba4 12. O-O a6 13. Qe2 Nbc6 14. Rb1 Qb6 15.
Ng5 g6 16. Kh1 Bb5 17. Bd2 h6 18. Nf3 Kd7 19. Be1 Rag8 20. Bf2 g5 21. fxg5 hxg5
22. Nd2 g4 23. Bg3 Nf5 24. Rxf5 exf5 25. Bxf5+ Ke8 26. Qf2 Ne7 27. Bd3 Bxd3 28.
cxd3 Rh5 29. Nf1 Rg6 30. Bf4 f6 31. Ng3 Rh7 32. Rf1 Qe6 33. Re1 Rf7 34. Qd2 Kf8
35. Kg1 Nc6 36. exf6 Qxf6 37. Ne2 Kg8 38. Qd1 Qf5 39. Bg3 Re6 40. Qd2 Re3 41.
Rd1 Re6 42. Nf4 Ref6 43. h4 gxh3 44. Nxh3 Rg6 45. Kh2 Rfg7 46. Qf4 Qh5 0-1

[Event "Aeroflot Open 2011 B"]
[Site "Moscu RUS"]
[Date "2011.02.09"]
[Round "2.50"]
[White "Bajt, Indira"]
[Black "Kremenietsky, Anatoly M"]
[Result "1/2-1/2"]
[WhiteElo "2215"]
[BlackElo "2372"]
[PlyCount "99"]
[EventDate "2011.02.08"]
[EventType "swiss"]
[EventRounds "9"]
[EventCountry "RUS"]
[Source "lmi"]
[SourceDate "2011.02.08"]

1. e4 d6 2. d4 Nf6 3. Nc3 g6 4. Nge2 Bg7 5. g3 O-O 6. Bg2 e5 7. h3 Nc6 8. Be3
Re8 9. O-O Bd7 10. Qd2 exd4 11. Nxd4 Ne5 12. Qe2 a6 13. f4 Nc6 14. Qd2 Na5 15.
b3 c5 16. Nde2 Bc6 17. e5 dxe5 18. Qxd8 Raxd8 19. Bxc5 Bxg2 20. Kxg2 Rd2 21.
Rad1 Rxc2 22. fxe5 Rxe5 23. Rd8+ Re8 24. Rfd1 Nc6 25. R8d2 Rxd2 26. Rxd2 Rd8
27. Rc2 Bf8 28. Bxf8 Kxf8 29. Na4 Ne4 30. Kf3 Ng5+ 31. Kg2 Ne6 32. Nec3 Ncd4
33. Rd2 Nf5 34. Rxd8+ Nxd8 35. Nd5 h5 36. Nc5 Kg7 37. Kf3 Nd6 38. g4 hxg4+ 39.
hxg4 Ne6 40. Nd7 f5 41. Ne5 Nf7 42. Nc4 b5 43. Nce3 Ne5+ 44. Kg3 fxg4 45. Nxg4
Nd3 46. b4 Nc1 47. a3 Nd3 48. Ndf6 Kf7 49. Nd7 Ke8 50. Nb8 1/2-1/2

[Event "Aeroflot Open 2011 B"]
[Site "Moscu RUS"]
[Date "2011.02.09"]
[Round "2.51"]
[White "Vishnu, Prasanna V"]
[Black "Zhelesny, Stanislav"]
[Result "1-0"]
[WhiteElo "2369"]
[BlackElo "2146"]
[PlyCount "73"]
[EventDate "2011.02.08"]
[EventType "swiss"]
[EventRounds "9"]
[EventCountry "RUS"]
[Source "lmi"]
[SourceDate "2011.02.08"]

1. e4 c6 2. d4 d5 3. e5 Bf5 4. Nf3 e6 5. Be2 Ne7 6. O-O Bg6 7. Nbd2 Nf5 8. g4
Ne7 9. Nh4 Ng8 10. Ng2 Be7 11. f4 f5 12. Ne3 Nh6 13. g5 Ng8 14. h4 h5 15. c4
Bf7 16. Nb3 Nd7 17. Bd2 Bf8 18. Ba5 b6 19. Bd2 Ne7 20. Rc1 Rc8 21. cxd5 exd5
22. Ba6 Rc7 23. Bb4 Nb8 24. Bd3 g6 25. Bd6 Rc8 26. Rf2 Be6 27. Rfc2 Kf7 28. Qe2
Bd7 29. Nd2 Bg7 30. b4 b5 31. Nb3 Re8 32. Nc5 Be6 33. Kh2 Bf8 34. Qf3 Qb6 35.
Nxe6 Kxe6 36. Bxe7 Bxe7 37. Rxc6+ 1-0

[Event "Aeroflot Open 2011 B"]
[Site "Moscu RUS"]
[Date "2011.02.09"]
[Round "2.52"]
[White "Berube, Antoine"]
[Black "Arslanov, Shamil"]
[Result "0-1"]
[WhiteElo "2146"]
[BlackElo "2368"]
[PlyCount "84"]
[EventDate "2011.02.08"]
[EventType "swiss"]
[EventRounds "9"]
[EventCountry "RUS"]
[Source "lmi"]
[SourceDate "2011.02.08"]

1. d4 d5 2. c4 e6 3. Nc3 c6 4. Nf3 Nf6 5. e3 Nbd7 6. Bd3 dxc4 7. Bxc4 b5 8. Bd3
Bb7 9. e4 b4 10. Na4 c5 11. e5 Nd5 12. O-O cxd4 13. Re1 Qa5 14. Nxd4 Rc8 15.
Bd2 Ba6 16. Bxa6 Qxa6 17. Rc1 Rxc1 18. Qxc1 Be7 19. Qc6 Qxc6 20. Nxc6 N7b6 21.
Nxb6 axb6 22. Re4 b3 23. axb3 Kd7 24. Nxe7 Kxe7 25. Ra4 Rc8 26. g3 Kd7 27. Ra7+
Rc7 28. Rxc7+ Nxc7 29. f4 Kc6 30. Kf2 Kd5 31. Kf3 Nb5 32. Bb4 h5 33. Bf8 Nd4+
34. Kg2 g6 35. Kh3 Ke4 36. b4 b5 37. Bc5 Nf3 38. Bf2 Nd2 39. g4 Kxf4 40. gxh5
gxh5 41. Kh4 Nf3+ 42. Kxh5 Nxh2 0-1

[Event "Aeroflot Open 2011 B"]
[Site "Moscu RUS"]
[Date "2011.02.09"]
[Round "2.53"]
[White "Yuferev, Oleg"]
[Black "Adamowicz, Katarzyna"]
[Result "1-0"]
[WhiteElo "2367"]
[BlackElo "2103"]
[PlyCount "93"]
[EventDate "2011.02.08"]
[EventType "swiss"]
[EventRounds "9"]
[EventCountry "RUS"]
[Source "lmi"]
[SourceDate "2011.02.08"]

1. Nf3 c5 2. c4 Nc6 3. d4 cxd4 4. Nxd4 e5 5. Nb5 d6 6. N1c3 a6 7. Na3 Nf6 8. g3
Be7 9. Bg2 O-O 10. O-O h6 11. Be3 Be6 12. Nd5 Bxd5 13. cxd5 Nb8 14. Qb3 b5 15.
Nc2 Ng4 16. Bd2 f5 17. Nb4 Kh8 18. a4 Qe8 19. axb5 Qxb5 20. Qd3 Qb6 21. Bc3 a5
22. Nc6 Nxc6 23. dxc6 e4 24. Qd4 Qxd4 25. Bxd4 Bf6 26. Bxf6 Nxf6 27. f3 Rfc8
28. fxe4 fxe4 29. Rfc1 Ra6 30. b4 Raxc6 31. Rxc6 Rxc6 32. bxa5 Ra6 33. e3 Ng4
34. Bxe4 Nxe3 35. Bb7 Ra7 36. a6 Nf5 37. Rf1 Nd4 38. Rd1 Nb5 39. Rd5 Nc7 40.
Rxd6 Kg8 41. Rd7 Nb5 42. Kf2 Kf8 43. Ke3 g5 44. Ke4 Ke8 45. Rh7 Nd6+ 46. Kd5
Nf7 47. Kc5 1-0

[Event "Aeroflot Open 2011 B"]
[Site "Moscu RUS"]
[Date "2011.02.10"]
[Round "3.1"]
[White "Karpatchev, Aleksandr"]
[Black "Gomez, John Paul"]
[Result "1/2-1/2"]
[WhiteElo "2474"]
[BlackElo "2527"]
[PlyCount "61"]
[EventDate "2011.02.08"]
[EventType "swiss"]
[EventRounds "9"]
[EventCountry "RUS"]
[Source "lmi"]
[SourceDate "2011.02.08"]

1. e4 c5 2. c3 e6 3. d4 d5 4. e5 Nc6 5. Nf3 Bd7 6. Be2 Nge7 7. Na3 Ng6 8. h4
cxd4 9. cxd4 Bb4+ 10. Kf1 h6 11. h5 Nge7 12. Nc2 Ba5 13. a3 Bb6 14. b4 O-O 15.
g4 f6 16. exf6 Rxf6 17. g5 hxg5 18. Bxg5 Nf5 19. Qd2 Qf8 20. Bxf6 Qxf6 21. Rd1
Rf8 22. Qf4 Qd8 23. Qh2 Nce7 24. Kg2 Bc7 25. Qg1 Rf6 26. Bd3 Ba4 27. Qe1 Qd6
28. Qe5 Qd7 29. Qe2 Qd6 30. Qe5 Qc6 31. Qe2 1/2-1/2

[Event "Aeroflot Open 2011 B"]
[Site "Moscu RUS"]
[Date "2011.02.10"]
[Round "3.2"]
[White "Nakhapetiane, Pogos"]
[Black "Laylo, Darwin"]
[Result "1/2-1/2"]
[WhiteElo "2469"]
[BlackElo "2516"]
[PlyCount "85"]
[EventDate "2011.02.08"]
[EventType "swiss"]
[EventRounds "9"]
[EventCountry "RUS"]
[Source "lmi"]
[SourceDate "2011.02.08"]

1. e4 c5 2. Nf3 e6 3. d4 cxd4 4. Nxd4 a6 5. Nc3 Qc7 6. Bd3 Nf6 7. O-O d6 8. Qe2
Nbd7 9. f4 b5 10. Kh1 Bb7 11. Nf3 b4 12. Nd1 Nc5 13. Nf2 Be7 14. a3 bxa3 15. b4
Nxd3 16. cxd3 h5 17. Bxa3 d5 18. e5 Ng4 19. Nxg4 hxg4 20. Nd4 Qb6 21. Bb2 g3
22. h3 Bxb4 23. f5 Rh4 24. fxe6 fxe6 25. Qe3 Be7 26. Rab1 Bc6 27. Ba1 Bb5 28.
Qxg3 g5 29. Bc3 Rc8 30. Bb4 Qxd4 31. Bxe7 Rh7 32. Rf8+ Kd7 33. Rxc8 Kxc8 34.
Qxg5 Qxd3 35. Rc1+ Kb7 36. Bd6 Qe4 37. Qg3 d4 38. Kh2 Rf7 39. Rd1 Qf4 40. Qxf4
Rxf4 41. Kg3 Re4 42. Kf3 Bc6 43. Kf2 1/2-1/2

[Event "Aeroflot Open 2011 B"]
[Site "Moscu RUS"]
[Date "2011.02.10"]
[Round "3.3"]
[White "Wen, Yang"]
[Black "Kalegin, Evgenij"]
[Result "1/2-1/2"]
[WhiteElo "2509"]
[BlackElo "2462"]
[PlyCount "85"]
[EventDate "2011.02.08"]
[EventType "swiss"]
[EventRounds "9"]
[EventCountry "RUS"]
[Source "lmi"]
[SourceDate "2011.02.08"]

1. d4 d6 2. e4 a6 3. a4 g6 4. g3 Bg7 5. Bg2 Nd7 6. Ne2 e5 7. O-O Ne7 8. dxe5
dxe5 9. b3 b6 10. Ba3 Bb7 11. Nbc3 Nf6 12. a5 Qxd1 13. Rfxd1 b5 14. Nc1 Nc6 15.
Bc5 Nd4 16. Nd3 Nd7 17. Nd5 Bxd5 18. Bxd4 Be6 19. Be3 Bf8 20. f4 f6 21. Bd2 Bd6
22. Nb4 O-O 23. Bf3 Nc5 24. Kg2 Rae8 25. Re1 Bc8 26. Rad1 Bb7 27. fxe5 Bxe5 28.
Nd5 Ne6 29. Be3 Ng5 30. Bc5 Nxf3 31. Kxf3 Rf7 32. c4 bxc4 33. bxc4 Kg7 34. h3
Bc8 35. g4 h5 36. Rh1 Be6 37. Rb1 Rd8 38. gxh5 gxh5 39. Ke3 Kh7 40. h4 Rg8 41.
Rhg1 Rfg7 42. Rxg7+ Rxg7 43. Bd4 1/2-1/2

[Event "Aeroflot Open 2011 B"]
[Site "Moscu RUS"]
[Date "2011.02.10"]
[Round "3.4"]
[White "Zhao, Xue"]
[Black "Kanter, Eduard"]
[Result "1/2-1/2"]
[WhiteElo "2494"]
[BlackElo "2429"]
[PlyCount "120"]
[EventDate "2011.02.08"]
[EventType "swiss"]
[EventRounds "9"]
[EventCountry "RUS"]
[Source "lmi"]
[SourceDate "2011.02.08"]

1. d4 Nf6 2. c4 g6 3. f3 d5 4. cxd5 Nxd5 5. e4 Nb6 6. Nc3 Bg7 7. Be3 O-O 8. Qd2
Nc6 9. O-O-O f5 10. e5 Nb4 11. Nh3 Be6 12. Kb1 Qd7 13. Nf4 Rad8 14. a3 N4d5 15.
Ncxd5 Bxd5 16. Rc1 Bc6 17. Qc3 e6 18. h4 Rf7 19. Qa5 Bf8 20. Be2 a6 21. Rh3 Nd5
22. Nxd5 Qxd5 23. Qc3 h6 24. Bxa6 Bb5 25. Bxb5 Qxb5 26. Rhh1 c6 27. Qc4 Rd5 28.
Qxb5 Rxb5 29. Ka2 Kg7 30. Rc4 Rd7 31. Rhc1 Be7 32. Bf2 Rbd5 33. R1c3 Ra5 34.
Rc2 Kf7 35. g3 Ra6 36. Be3 Kg7 37. Bc1 Bd8 38. Kb3 Bb6 39. Be3 Ba5 40. Ra4 Rb6+
41. Ka2 Rb5 42. Bf2 Bb6 43. Rb4 Rxb4 44. axb4 Rd5 45. Rd2 Rb5 46. Ka3 Bd8 47.
Rd3 Be7 48. Be1 Ra5+ 49. Kb3 Ra1 50. Bd2 Rg1 51. f4 Kf7 52. Kc4 b5+ 53. Kb3 Ke8
54. Kc2 Rg2 55. Kd1 Rg1+ 56. Ke2 Rb1 57. Rb3 Kd7 58. Kf2 h5 59. Ke2 Kc7 60. Be3
Kb8 1/2-1/2

[Event "Aeroflot Open 2011 B"]
[Site "Moscu RUS"]
[Date "2011.02.10"]
[Round "3.5"]
[White "Dimakiling, Oliver"]
[Black "Gavrilov, Alexei"]
[Result "0-1"]
[WhiteElo "2432"]
[BlackElo "2484"]
[PlyCount "120"]
[EventDate "2011.02.08"]
[EventType "swiss"]
[EventRounds "9"]
[EventCountry "RUS"]
[Source "lmi"]
[SourceDate "2011.02.08"]

1. Nf3 d5 2. e3 g6 3. d4 Bg7 4. Bd3 c5 5. c3 Nd7 6. Nbd2 Ngf6 7. O-O O-O 8. h3
Qc7 9. c4 cxd4 10. exd4 dxc4 11. Nxc4 Nb6 12. Nce5 Be6 13. Bd2 Rac8 14. Re1 Bd5
15. Ba5 Bh6 16. b3 Qd6 17. a3 Bxf3 18. Qxf3 Nbd5 19. Nc4 Qf4 20. Qxf4 Bxf4 21.
Re2 h5 22. g3 Bh6 23. a4 h4 24. Be1 Rfd8 25. Rd1 e6 26. Kh2 hxg3+ 27. fxg3 Kg7
28. Bb1 Rh8 29. Rd3 Bc1 30. Kg2 Rh7 31. Bf2 Rd8 32. Re1 Bg5 33. Rh1 Ne4 34. Be1
f5 35. Bc2 Bf6 36. b4 g5 37. b5 g4 38. h4 Rc8 39. Bb3 Bxh4 40. Na5 Bg5 41.
Rxh7+ Kxh7 42. Bxd5 exd5 43. Nxb7 Rc1 44. Bb4 Rc2+ 45. Kf1 Ra2 46. Bc5 Rxa4 47.
Nd6 Ra1+ 48. Ke2 Ra2+ 49. Ke1 f4 50. gxf4 Bh4+ 51. Kf1 Ng3+ 52. Kg1 Ne2+ 53.
Kf1 Nxf4 54. Ra3 Rh2 55. Kg1 g3 56. Rxa7+ Kg6 57. Rg7+ Kxg7 58. Nf5+ Kf6 59.
Nxh4 Rxh4 60. Bd6 Ke6 0-1

[Event "Aeroflot Open 2011 B"]
[Site "Moscu RUS"]
[Date "2011.02.10"]
[Round "3.6"]
[White "Zilberman, Yaacov"]
[Black "Rogozenco, Dorian"]
[Result "1/2-1/2"]
[WhiteElo "2468"]
[BlackElo "2534"]
[PlyCount "41"]
[EventDate "2011.02.08"]
[EventType "swiss"]
[EventRounds "9"]
[EventCountry "RUS"]
[Source "lmi"]
[SourceDate "2011.02.08"]

1. d4 Nf6 2. c4 e6 3. Nc3 Bb4 4. e3 c5 5. Nge2 d5 6. a3 Bxc3+ 7. Nxc3 cxd4 8.
exd4 dxc4 9. Bxc4 Nc6 10. Be3 O-O 11. O-O h6 12. d5 exd5 13. Nxd5 Be6 14. Nxf6+
Qxf6 15. Bxe6 Qxe6 16. Re1 Rfd8 17. Qa4 Qf6 18. Qb5 Rd7 19. Rad1 a6 20. Qe2
Rxd1 21. Rxd1 1/2-1/2

[Event "Aeroflot Open 2011 B"]
[Site "Moscu RUS"]
[Date "2011.02.10"]
[Round "3.7"]
[White "Obolenskikh, Dmitry"]
[Black "Pavlov, Sergey"]
[Result "1/2-1/2"]
[WhiteElo "2567"]
[BlackElo "2530"]
[PlyCount "30"]
[EventDate "2011.02.08"]
[EventType "swiss"]
[EventRounds "9"]
[EventCountry "RUS"]
[Source "lmi"]
[SourceDate "2011.02.08"]

1. e4 Nf6 2. e5 Nd5 3. d4 d6 4. Nf3 dxe5 5. Nxe5 c6 6. Be2 Bf5 7. O-O Nd7 8.
Nf3 e6 9. Re1 Bd6 10. Nbd2 O-O 11. Nc4 Be7 12. c3 Qc7 13. a4 Rfd8 14. Ne3 Bg6
15. Nxd5 exd5 1/2-1/2